000 00761nam a2200253Ia 4500
003 OSt
005 20220923223121.0
006 a|||||r|||| 00| 0
007 ta
008 220922b |||||||| |||| 00| 0 hin d
024 _a211,155
037 _cTextual
040 _aARTS
_cARTS
_bhin
041 _2hin
_ahin
082 _aO152,3N3512x, N2
100 _aकामतानाथ
_9156277
245 0 _aशिकस्त
246 _aShikasta
260 _aनई दिल्ली
_b राधाकृष्ण प्रका0
_c1992
300 _a151पृ.
_ccm.
650 _aहिन्दी साहित्य
_9156264
942 _hO152,3N3512x, N2
_cTEXL
_2CC
999 _c361434
_d361434